CARRANZA'S CLINICAL PERIODONTOLOGY (Record no. 6927)

MARC details
000 -LEADER
fixed length control field 00348nam a2200133Ia 4500
008 - FIXED-LENGTH DATA ELEMENTS--GENERAL INFORMATION
fixed length control field 150301s2012 xx 000 0 und d
082 ## - DEWEY DECIMAL CLASSIFICATION NUMBER
Classification number 617.632
Item number C12N
100 ## - MAIN ENTRY--PERSONAL NAME
Personal name NEWMAN ,MICHAEL
245 ## - TITLE STATEMENT
Title CARRANZA'S CLINICAL PERIODONTOLOGY
260 ## - PUBLICATION, DISTRIBUTION, ETC. (IMPRINT)
Name of publisher, distributor, etc. ELSEVIER PUBLICATION
Place of publication, distribution, etc. DELHI
Date of publication, distribution, etc. 2012
300 ## - PHYSICAL DESCRIPTION
Extent 1-475
650 ## - SUBJECT ADDED ENTRY--TOPICAL TERM
Topical term or geographic name as entry element PERIODONTICS
942 ## - ADDED ENTRY ELEMENTS (KOHA)
Source of classification or shelving scheme Dewey Decimal Classification
Koha item type Books
Koha issues (borrowed), all copies 15
Holdings
Withdrawn status Lost status Source of classification or shelving scheme Damaged status Not for loan Home library Current library Date acquired Source of acquisition Cost, normal purchase price Serial Enumeration / chronology SGTU Bill Number Total Checkouts Full call number Barcode Date last seen Date last checked out Bill Date Koha item type
    Dewey Decimal Classification     SGT Dental Library SGT Dental Library 02/07/2015 ABC-DELHI 2145.00 1 SGTU 5698 8 617.632 C12N FD7201 02/06/2026 30/05/2026 05/06/2015 Books
    Dewey Decimal Classification     SGT Dental Library SGT Dental Library 02/07/2015 ABC-DELHI 2145.00 1 SGTU 5698 13 617.632 C12N FD7202 16/09/2025 29/08/2025 05/06/2015 Books
    Dewey Decimal Classification     SGT Dental Library SGT Dental Library 02/07/2015 ABC-DELHI 2145.00 1 SGTU 5698 11 617.632 C12N FD7203 10/02/2025 10/02/2025 05/06/2015 Books
    Dewey Decimal Classification     SGT Dental Library SGT Dental Library 02/07/2015 ABC-DELHI 2145.00 2 SGTU 5698 6 617.632 C12N FD7204 14/02/2026 12/02/2026 05/06/2015 Books
    Dewey Decimal Classification     SGT Dental Library SGT Dental Library 02/07/2015 ABC-DELHI 2145.00 2 SGTU 5698 6 617.632 C12N FD7205 29/08/2025 29/08/2025 05/06/2015 Books
    Dewey Decimal Classification     SGT Dental Library SGT Dental Library 02/07/2015 ABC-DELHI 2145.00 2 SGTU 5698 4 617.632 C12N FD7206 29/08/2019 29/08/2019 05/06/2015 Books